[Event "CYCC U10"]
[Site "Victoria CAN"]
[Date "2005.03.27"]
[Round "7.7"]
[White "Leu, Richard"]
[Black "Bibic, Brennan"]
[Result "1-0"]
[WhiteElo "1199"]
[BlackElo "1300"]
[PlyCount "79"]
[GameId "2160767910969025"]
[EventDate "2005.03.24"]
[EventType "swiss"]
[EventRounds "7"]
[EventCountry "CAN"]

1. e4 c5 2. Nf3 Nc6 3. d4 b6 4. Nc3 g6 5. d5 Nb8 6. Bf4 Bg7 7. Bc4 Nf6 8. O-O O-O 9. Qd2 a6 10. a4 e6 11. Bg5 Qc7 12. Bxf6 Bxf6 13. d6 Qd8 14. e5 Bg7 15. Rfe1 Nc6 16. Re2 Bb7 17. Rae1 Nb4 18. Ne4 b5 19. axb5 axb5 20. Bxb5 Ra2 21. c3 Nd5 22. Bc4 Qa5 23. Bxa2 Qxa2 24. Nxc5 Bc6 25. Nd4 Ba8 26. Ncb3 f5 27. Ra1 Qxa1+ 28. Nxa1 f4 29. c4 Nb6 30. Qb4 Nc8 31. Qb5 Rd8 32. Qa5 Rf8 33. Qxa8 Nxd6 34. Qa7 Nxc4 35. Qxd7 Ra8 36. Qxe6+ Kh8 37. Nac2 Nxb2 38. h3 Nd3 39. Qd5 Rf8 40. Ne6 1-0

[Event "CYCC U10"]
[Site "Victoria CAN"]
[Date "2005.03.27"]
[Round "7.8"]
[White "Sohal, Tanraj"]
[Black "Sabaratnam, Thiruvaran"]
[Result "1-0"]
[WhiteElo "1279"]
[BlackElo "1070"]
[PlyCount "127"]
[GameId "2160767910969026"]
[EventDate "2005.03.24"]
[EventType "swiss"]
[EventRounds "7"]
[EventCountry "CAN"]

1. e4 e5 2. Nf3 Nc6 3. Bb5 a6 4. Ba4 Nf6 5. d3 b5 6. Bb3 h6 7. Be3 d6 8. h3 Be7 9. Qd2 Bd7 10. Nc3 Na7 11. a3 c5 12. Ne2 Nc6 13. Ng3 Rb8 14. Ba2 a5 15. b3 b4 16. a4 d5 17. exd5 Nxd5 18. Ne4 Nxe3 19. Qxe3 Nd4 20. Rc1 Qc7 21. c3 bxc3 22. Rxc3 Be6 23. Nxd4 exd4 24. Qxd4 cxd4 25. Rxc7 Bxb3 26. Bxb3 Rxb3 27. Ke2 Rb2+ 28. Kf3 Ra2 29. Rc4 O-O 30. Rxd4 f5 31. Nc3 Ra3 32. Nb5 Ra2 33. Rc1 Bf6 34. Rdc4 Rd8 35. d4 Re8 36. R1c2 Ra1 37. d5 Rd1 38. Rc8 Rxc8 39. Rxc8+ Kf7 40. d6 Kg6 41. Ra8 Kf7 42. Rxa5 Ke8 43. Ra7 Rd3+ 44. Ke2 Rb3 45. d7+ Kd8 46. Nd6 Ke7 47. Nxf5+ Kd8 48. a5 Rb2+ 49. Kf3 g6 50. Ne3 Rb3 51. a6 Rb8 52. Rb7 Rxb7 53. axb7 Be5 54. Ng4 Bc7 55. Nxh6 Kxd7 56. Kg4 Kc6 57. Kg5 Kxb7 58. Kxg6 Kc6 59. Nf5 Bd6 60. f3 Kd5 61. h4 Be5 62. h5 Ke6 63. Ng7+ Ke7 64. h6 1-0

[Event "CYCC U10"]
[Site "Victoria CAN"]
[Date "2005.03.27"]
[Round "7.9"]
[White "Gann, Connor"]
[Black "Li, Stanley"]
[Result "0-1"]
[WhiteElo "922"]
[BlackElo "1197"]
[PlyCount "103"]
[GameId "2160767910969027"]
[EventDate "2005.03.24"]
[EventType "swiss"]
[EventRounds "7"]
[EventCountry "CAN"]

1. d4 d5 2. Nc3 Nc6 3. Nf3 Bf5 4. e3 Nf6 5. Bb5 a6 6. Bxc6+ bxc6 7. Ne5 Qd6 8. Qf3 Bxc2 9. Qe2 Bg6 10. O-O e6 11. Re1 Be7 12. f3 c5 13. Nxg6 hxg6 14. h3 cxd4 15. exd4 Qg3 16. Kf1 c5 17. Be3 cxd4 18. Bxd4 Nh5 19. Nxd5 Qd6 20. Qe5 Qxd5 21. b4 Qb5+ 22. Qxb5+ axb5 23. g4 Bxb4 24. Reb1 Bd6 25. gxh5 Rxh5 26. Kg2 f6 27. Rb2 Rg5+ 28. Kf2 Rd5 29. Bc3 b4 30. Bxf6 gxf6 31. Re2 Kf7 32. Rh1 Bc5+ 33. Ke1 b3 34. Rhh2 Rad8 35. Rd2 Bb4 36. axb3 Rxd2 37. Rxd2 Rxd2 38. Kf1 Rd3 39. Kf2 Rxb3 40. Kg3 Rb2 41. h4 f5 42. Kf4 Bd6+ 43. Ke3 e5 44. Kd3 g5 45. h5 g4 46. fxg4 fxg4 47. Ke3 g3 48. h6 g2 49. h7 g1=Q+ 50. Kd3 Qg3+ 51. Kc4 Rb4+ 52. Kd5 0-1

[Event "CYCC U10"]
[Site "Victoria CAN"]
[Date "2005.03.27"]
[Round "7.10"]
[White "Gladstone, Simon"]
[Black "Harris, Phelan"]
[Result "1-0"]
[WhiteElo "1136"]
[BlackElo "812"]
[PlyCount "45"]
[GameId "2160767910969028"]
[EventDate "2005.03.24"]
[EventType "swiss"]
[EventRounds "7"]
[EventCountry "CAN"]

1. e4 e5 2. Nf3 Nc6 3. Nc3 Nf6 4. d4 exd4 5. Nxd4 Nxd4 6. Qxd4 Bd6 7. Bc4 O-O 8. O-O Bb4 9. Bxf7+ Rxf7 10. Qxb4 d6 11. Rd1 Qd7 12. e5 Qg4 13. Qxg4 Nxg4 14. exd6 cxd6 15. Rxd6 Rd7 16. Rxd7 Bxd7 17. Bd2 Rf8 18. Be3 Rf6 19. Rd1 Be6 20. Bxa7 Rg6 21. Bc5 Ne5 22. Rd8+ Kf7 23. Rf8# 1-0

[Event "CYCC U10"]
[Site "Victoria CAN"]
[Date "2005.03.27"]
[Round "7.11"]
[White "Cunningham, Ross"]
[Black "Zhao, Donovan"]
[Result "1-0"]
[WhiteElo "1337"]
[BlackElo "862"]
[PlyCount "71"]
[GameId "2160767910969029"]
[EventDate "2005.03.24"]
[EventType "swiss"]
[EventRounds "7"]
[EventCountry "CAN"]

1. e4 e5 2. Nf3 Nc6 3. Bc4 Nf6 4. Nc3 Bc5 5. O-O O-O 6. d3 d6 7. Bg5 Be6 8. Nd5 Bxd5 9. Bxd5 h6 10. Bd2 Nxd5 11. exd5 Ne7 12. c4 Qd7 13. a4 a5 14. Re1 c6 15. dxc6 bxc6 16. Qe2 f6 17. d4 Bb6 18. Bc3 Rab8 19. Rad1 Qc7 20. dxe5 dxe5 21. c5 Bxc5 22. Qc4+ Kh8 23. Qxc5 Nd5 24. Rxd5 Qb7 25. Rdd1 Ra8 26. Rb1 Rfd8 27. Bxa5 Rd5 28. Qb6 Qd7 29. Bc3 Rxa4 30. Qb3 c5 31. Rbd1 Rxd1 32. Rxd1 Qc6 33. Rd2 c4 34. Qc2 Ra8 35. Ne1 Rb8 36. Ba5 1-0

[Event "CYCC U10"]
[Site "Victoria CAN"]
[Date "2005.03.27"]
[Round "7.12"]
[White "Wong, Justin"]
[Black "Wild, Jonathan"]
[Result "0-1"]
[WhiteElo "763"]
[BlackElo "848"]
[PlyCount "40"]
[GameId "2160767910969030"]
[EventDate "2005.03.24"]
[EventType "swiss"]
[EventRounds "7"]
[EventCountry "CAN"]

1. e4 e5 2. Nf3 Nc6 3. Bc4 Nf6 4. Nc3 Bc5 5. b4 Bxb4 6. a3 Bxc3 7. dxc3 d6 8. Ng5 Bg4 9. f3 Na5 10. Nxf7 Qe7 11. Nxh8 O-O-O 12. fxg4 Nxc4 13. Qe2 d5 14. exd5 Qc5 15. Nf7 Re8 16. g5 Nd7 17. a4 e4 18. Bf4 e3 19. O-O-O Qa3+ 20. Kb1 Qb2# 0-1

[Event "CYCC U10"]
[Site "Victoria CAN"]
[Date "2005.03.27"]
[Round "7.13"]
[White "Rathwell, James"]
[Black "Leu, Steven"]
[Result "1-0"]
[WhiteElo "764"]
[BlackElo "794"]
[PlyCount "61"]
[GameId "2160767910969031"]
[EventDate "2005.03.24"]
[EventType "swiss"]
[EventRounds "7"]
[EventCountry "CAN"]

1. d4 d5 2. c4 e6 3. Nf3 Nf6 4. Bg5 Be7 5. Nc3 O-O 6. Bxf6 Bxf6 7. e4 c6 8. e5 Be7 9. c5 Nd7 10. Bd3 b5 11. O-O a5 12. a4 b4 13. Ne2 Ba6 14. g3 Bxd3 15. Qxd3 f5 16. Nf4 Bg5 17. Nxe6 Qe7 18. Nxf8 Qxf8 19. Nxg5 h6 20. Ne6 Qf7 21. Nf4 Nf8 22. e6 Nxe6 23. Nxe6 Qxe6 24. Rfe1 Qf6 25. Re5 g6 26. Rae1 Rc8 27. Re8+ Rxe8 28. Rxe8+ Kg7 29. Qa6 Qxd4 30. Qb7+ Kf6 31. Qe7# 1-0

[Event "CYCC U10"]
[Site "Victoria CAN"]
[Date "2005.03.27"]
[Round "7.14"]
[White "Constantinescu, Vlad"]
[Black "Brown, David"]
[Result "1-0"]
[WhiteElo "1094"]
[BlackElo "777"]
[PlyCount "43"]
[GameId "2160767910969032"]
[EventDate "2005.03.24"]
[EventType "swiss"]
[EventRounds "7"]
[EventCountry "CAN"]

1. e4 d6 2. d4 b6 3. c4 e6 4. Nc3 Nd7 5. Nf3 Be7 6. Bd3 Ngf6 7. O-O Bb7 8. Qc2 c6 9. a4 O-O 10. Bd2 Qc7 11. Rfe1 d5 12. exd5 exd5 13. Rxe7 Rad8 14. Ree1 dxc4 15. Bxc4 c5 16. Nb5 Qc6 17. Nxa7 Qd6 18. Nb5 Be4 19. Rxe4 Nxe4 20. Nxd6 Ndf6 21. Nxe4 Nxe4 22. Qxe4 1-0

[Event "CYCC U10"]
[Site "Victoria CAN"]
[Date "2005.03.27"]
[Round "7.15"]
[White "Michaelis, Nathaniel"]
[Black "Duncalfe, Clay"]
[Result "1-0"]
[WhiteElo "718"]
[BlackElo "954"]
[PlyCount "47"]
[GameId "2160767910969033"]
[EventDate "2005.03.24"]
[EventType "swiss"]
[EventRounds "7"]
[EventCountry "CAN"]

1. e4 e5 2. Nf3 c6 3. Nxe5 Qb6 4. Bc4 d5 5. exd5 cxd5 6. Bxd5 Bc5 7. Ng4 Nf6 8. h3 Nxd5 9. d3 Qb5 10. c4 Qc6 11. cxd5 Qxd5 12. O-O b6 13. Ne3 Qc6 14. Nc3 Bb7 15. Qg4 f5 16. Nxf5 h5 17. Nxg7+ Kf8 18. Ne6+ Ke8 19. Qg6+ Ke7 20. Bg5+ Kd7 21. Nd8 Kc7 22. Nxc6 Bxc6 23. Qg7+ Kd6 24. Qe7# 1-0

[Event "CYCC U10"]
[Site "Victoria CAN"]
[Date "2005.03.27"]
[Round "7.16"]
[White "McDonald, Garrett"]
[Black "Hood, Liam"]
[Result "1-0"]
[WhiteElo "840"]
[BlackElo "782"]
[PlyCount "35"]
[GameId "2160767910969034"]
[EventDate "2005.03.24"]
[EventType "swiss"]
[EventRounds "7"]
[EventCountry "CAN"]

1. d4 d5 2. c4 c6 3. Nc3 Nf6 4. Bg5 Nbd7 5. e3 Ne5 6. dxe5 Be6 7. exf6 exf6 8. Bf4 Rc8 9. Bd3 g6 10. Nf3 Bg4 11. Be2 g5 12. Bg3 Bxf3 13. Bxf3 f5 14. Be5 f6 15. Bd4 Bd6 16. c5 Bb8 17. Bh5+ Kf8 18. g3 1-0

[Event "CYCC U10 playoff"]
[Site "Victoria CAN"]
[Date "2005.03.27"]
[Round "1"]
[White "Inigo, Aquino"]
[Black "Milner, Arie"]
[Result "1-0"]
[WhiteElo "1709"]
[BlackElo "1405"]
[PlyCount "69"]
[GameId "2160767910968931"]
[EventDate "2005.03.27"]
[EventType "match (rapid)"]
[EventRounds "1"]
[EventCountry "CAN"]

1. d4 c6 2. c4 d5 3. Nf3 Nf6 4. Nc3 a6 5. cxd5 cxd5 6. e3 Nc6 7. Bd3 Bg4 8. O-O e6 9. h3 Bh5 10. Bd2 Bg6 11. Qe2 Qc7 12. Rfc1 Qb6 13. Na4 Qd8 14. Nc5 Bxc5 15. Rxc5 Qb6 16. Bxg6 hxg6 17. b3 Ne4 18. Rc2 Rh7 19. Rac1 f6 20. Ne1 Kf7 21. Nd3 Nxd2 22. Qxd2 Rah8 23. a3 a5 24. b4 a4 25. b5 Qxb5 26. Rb2 Qa6 27. Nc5 Qa8 28. Rxb7+ Ne7 29. Qb4 Re8 30. Qb6 Qd8 31. Qxe6+ Kf8 32. Nd7+ Qxd7 33. Qxd7 Rh4 34. Rc8 Rxc8 35. Qxe7+ 1-0

[Event "CYCC U10 w"]
[Site "Victoria CAN"]
[Date "2005.03.24"]
[Round "1"]
[White "Botez, Alexandra"]
[Black "Packo, Bianca"]
[Result "1-0"]
[WhiteElo "1317"]
[BlackElo "1016"]
[PlyCount "51"]
[GameId "2160767910969036"]
[EventDate "2005.03.24"]
[EventType "swiss"]
[EventRounds "7"]
[EventCountry "CAN"]

1. d4 a5 2. e4 h5 3. Nf3 b6 4. Nc3 e6 5. Bd3 Bb7 6. Be3 Na6 7. Qe2 Bc6 8. Bxa6 Ba4 9. Nxa4 Bb4+ 10. c3 Bd6 11. a3 c5 12. dxc5 bxc5 13. Nxc5 Qb8 14. Qb5 Qc7 15. e5 Be7 16. O-O-O Nh6 17. Nxd7 Qd8 18. Nf6+ Kf8 19. Rxd8+ Rxd8 20. Rd1 Ra8 21. Qd7 Rd8 22. Qc6 Rb8 23. Bc5 Nf5 24. Nd7+ Ke8 25. Nxb8+ Kf8 26. Qc8# 1-0

[Event "CYCC U10 w"]
[Site "Victoria CAN"]
[Date "2005.03.24"]
[Round "1"]
[White "Greber, Caitlin"]
[Black "Roy, Myriam"]
[Result "0-1"]
[WhiteElo "1073"]
[BlackElo "985"]
[PlyCount "58"]
[GameId "2160767910969037"]
[EventDate "2005.03.24"]
[EventType "swiss"]
[EventRounds "7"]
[EventCountry "CAN"]

1. e4 c5 2. Bc4 d6 3. Bb5+ Nc6 4. Bxc6+ bxc6 5. b3 e5 6. Nf3 Bg4 7. O-O Nf6 8. Nc3 Be7 9. d3 O-O 10. h3 Bh5 11. Bg5 h6 12. Bxf6 Bxf6 13. Na4 Qc7 14. c3 Rad8 15. d4 cxd4 16. cxd4 exd4 17. Nxd4 Bxd1 18. Rfxd1 c5 19. Nf5 Bxa1 20. Rxa1 Rfe8 21. e5 Rxe5 22. Ne3 d5 23. Re1 d4 24. Nc2 Rxe1+ 25. Nxe1 d3 26. Nb2 d2 27. Nc2 d1=Q+ 28. Nxd1 Rxd1+ 29. Ne1 Rxe1# 0-1

[Event "CYCC U10 w"]
[Site "Victoria CAN"]
[Date "2005.03.24"]
[Round "1"]
[White "Kalaydina, Regina Veronicka"]
[Black "Hapchina, Malina"]
[Result "0-1"]
[WhiteElo "1056"]
[BlackElo "954"]
[PlyCount "110"]
[GameId "2160767910969038"]
[EventDate "2005.03.24"]
[EventType "swiss"]
[EventRounds "7"]
[EventCountry "CAN"]

1. e4 c5 2. Nf3 d6 3. g3 Nf6 4. Nc3 g6 5. Bg2 Bg7 6. O-O O-O 7. d3 Nc6 8. Re1 Re8 9. Be3 Be6 10. d4 cxd4 11. Nxd4 Nxd4 12. Bxd4 d5 13. e5 Ne4 14. Nxe4 dxe4 15. Bxe4 f6 16. exf6 Bxf6 17. Bxf6 exf6 18. Qxd8 Raxd8 19. Rad1 Rxd1 20. Rxd1 Bg4 21. Rd4 f5 22. Bxb7 Re1+ 23. Kg2 h5 24. Rd8+ Kg7 25. Bf3 g5 26. Bxg4 hxg4 27. f3 Re2+ 28. Kf1 Rxh2 29. Rd7+ Kg6 30. Ke1 Rh1+ 31. Kd2 Rh2+ 32. Ke3 Rxc2 33. Rd2 Rc4 34. b3 Rc3+ 35. Rd3 Rxd3+ 36. Kxd3 gxf3 37. Kd2 Kh5 38. b4 Kg4 39. a4 f2 40. Ke2 Kxg3 41. b5 Kg2 42. a5 f1=Q+ 43. Kd2 Qxb5 44. Ke3 Qe5+ 45. Kd3 Qf4 46. Kc3 Qe4 47. Kd2 Qf3 48. Kc2 Qe3 49. Kd1 Qf2 50. Kc1 Qe2 51. Kb1 Qd2 52. Ka1 f4 53. Kb1 f3 54. a6 f2 55. Ka1 f1=R# 0-1

[Event "CYCC U10 w"]
[Site "Victoria CAN"]
[Date "2005.03.24"]
[Round "1"]
[White "Ruiter, Erika"]
[Black "Johnson, Andrea"]
[Result "1-0"]
[WhiteElo "956"]
[BlackElo "939"]
[PlyCount "43"]
[GameId "2160767910969039"]
[EventDate "2005.03.24"]
[EventType "swiss"]
[EventRounds "7"]
[EventCountry "CAN"]

1. e4 e5 2. d4 exd4 3. Nf3 Nc6 4. Bc4 Bb4+ 5. c3 Bc5 6. Nxd4 Nxd4 7. cxd4 Bb4+ 8. Nc3 Nh6 9. a3 Bd6 10. Bxh6 O-O 11. Qg4 Qf6 12. Bg5 Qg6 13. O-O c6 14. f4 c5 15. f5 Qxg5 16. Qxg5 cxd4 17. Ne2 d3 18. Bxd3 Bc5+ 19. Kh1 d6 20. Nf4 b6 21. Nh5 d5 22. Qxg7# 1-0

[Event "CYCC U10 w"]
[Site "Victoria CAN"]
[Date "2005.03.24"]
[Round "2.1"]
[White "Roy, Myriam"]
[Black "Kalaydina, Regina Veronicka"]
[Result "1-0"]
[WhiteElo "985"]
[BlackElo "1056"]
[PlyCount "45"]
[GameId "2160767910969041"]
[EventDate "2005.03.24"]
[EventType "swiss"]
[EventRounds "7"]
[EventCountry "CAN"]

1. e4 e5 2. Nf3 Nc6 3. Bb5 a6 4. Ba4 Nf6 5. O-O Bc5 6. d3 h6 7. Be3 Bxe3 8. fxe3 O-O 9. c4 d6 10. h3 Ne7 11. Nc3 c5 12. Nh4 Bd7 13. Bxd7 Qxd7 14. Nf5 Rfe8 15. Qe2 g6 16. Nxe7+ Rxe7 17. Rxf6 Kg7 18. Raf1 Rae8 19. Qf2 Re6 20. Rxf7+ Kg8 21. Rxd7 b6 22. Qf7+ Kh8 23. Qh7# 1-0

[Event "CYCC U10 w"]
[Site "Victoria CAN"]
[Date "2005.03.24"]
[Round "2.2"]
[White "Hapchina, Malina"]
[Black "Botez, Alexandra"]
[Result "0-1"]
[WhiteElo "954"]
[BlackElo "1317"]
[PlyCount "116"]
[GameId "2160767910969042"]
[EventDate "2005.03.24"]
[EventType "swiss"]
[EventRounds "7"]
[EventCountry "CAN"]

1. d4 f5 2. e4 fxe4 3. Nc3 Nf6 4. Bg5 b6 5. Bxf6 exf6 6. Nxe4 Qe7 7. Bd3 d5 8. f3 dxe4 9. fxe4 Bf5 10. Nf3 Bxe4 11. Bxe4 Qxe4+ 12. Qe2 Qxe2+ 13. Kxe2 Bd6 14. Rhe1 Nd7 15. Kf1+ Kf7 16. a3 Rae8 17. b4 Rxe1+ 18. Rxe1 Re8 19. Rd1 Re3 20. Ra1 Rc3 21. Ra2 c5 22. Ke2 cxd4 23. Nxd4 Be5 24. Nb5 Rc4 25. Kd3 Rh4 26. h3 a6 27. Nd4 Rxd4+ 28. Ke3 b5 29. c3 Rc4 30. Rd2 Rxc3+ 31. Ke2 Nb6 32. Rd8 Rc8 33. Rd3 Nc4 34. Kf3 Nd6 35. Rd1 Rc3+ 36. Ke2 Rxa3 37. Kf2 Ne4+ 38. Kf1 Bg3 39. Rd7+ Kg6 40. Rd1 Nc3 41. Rc1 Rb3 42. h4 Rb1 43. Rxb1 Nxb1 44. Ke2 Bxh4 45. Kf3 Be1 46. g3 Bxb4 47. g4 a5 48. Ke3 a4 49. Kd3 a3 50. Kc2 Nc3 51. g5 a2 52. Kb2 f5 53. Ka1 f4 54. Kb2 f3 55. Ka1 f2 56. Kb2 Kxg5 57. Ka1 f1=Q+ 58. Kb2 Qb1# 0-1

[Event "CYCC U10 w"]
[Site "Victoria CAN"]
[Date "2005.03.24"]
[Round "2.3"]
[White "Packo, Bianca"]
[Black "Ruiter, Erika"]
[Result "0-1"]
[WhiteElo "1016"]
[BlackElo "956"]
[PlyCount "74"]
[GameId "2160767910969043"]
[EventDate "2005.03.24"]
[EventType "swiss"]
[EventRounds "7"]
[EventCountry "CAN"]

1. h4 e5 2. a4 d5 3. d3 Nf6 4. e4 dxe4 5. dxe4 Qxd1+ 6. Kxd1 Nxe4 7. h5 Nxf2+ 8. Ke1 Nxh1 9. b4 Bxb4+ 10. c3 Bc5 11. Nf3 Nc6 12. Ba3 Bxa3 13. Nxa3 O-O 14. Kd2 Ng3 15. Bc4 Nxh5 16. Bd3 Re8 17. Rh1 g6 18. Nh4 Bg4 19. Rf1 Re7 20. Nxg6 fxg6 21. Bc4+ Kg7 22. Nb5 a6 23. Na3 Rd8+ 24. Ke3 Rf8 25. Rb1 Bf5 26. Rxb7 Rb8 27. Bxa6 Rxb7 28. Bxb7 Re6 29. Nb5 Na5 30. Nxc7 Nxb7 31. c4 Rc6 32. Ne8+ Kf7 33. Ke2 Rxc4 34. a5 Ra4 35. g4 Bxg4+ 36. Ke3 Rxa5 37. Kd3 e4+ 0-1

[Event "CYCC U10 w"]
[Site "Victoria CAN"]
[Date "2005.03.24"]
[Round "2.4"]
[White "Johnson, Andrea"]
[Black "Greber, Caitlin"]
[Result "1-0"]
[WhiteElo "939"]
[BlackElo "1073"]
[PlyCount "23"]
[GameId "2160767910969044"]
[EventDate "2005.03.24"]
[EventType "swiss"]
[EventRounds "7"]
[EventCountry "CAN"]

1. e4 e5 2. Bb5 b6 3. Nf3 Nf6 4. Nxe5 Nxe4 5. O-O Bc5 6. d3 Nf6 7. Bg5 c6 8. Bc4 b5 9. Bb3 O-O 10. Nc3 b4 11. Ne4 Qe8 12. Nxf6+ 1-0

[Event "CYCC U10 w"]
[Site "Victoria CAN"]
[Date "2005.03.25"]
[Round "3.1"]
[White "Johnson, Andrea"]
[Black "Roy, Myriam"]
[Result "0-1"]
[WhiteElo "939"]
[BlackElo "985"]
[PlyCount "70"]
[GameId "2160767910969046"]
[EventDate "2005.03.24"]
[EventType "swiss"]
[EventRounds "7"]
[EventCountry "CAN"]

1. e4 c5 2. Bb5 Nc6 3. Nf3 d6 4. O-O e5 5. c3 Nf6 6. d3 Be7 7. Bg5 Qb6 8. c4 a6 9. Ba4 Qxb2 10. Bxf6 Bxf6 11. a3 Qxa1 12. Qc2 Bd7 13. Nfd2 Nd4 14. Qc1 Ne2+ 15. Kh1 Nxc1 16. Bxd7+ Kxd7 17. Rxc1 Bg5 18. Rd1 Bxd2 19. h4 Ba5 20. Rg1 Qb2 21. a4 Qc2 22. Rf1 Qxd3 23. Rc1 Qxe4 24. h5 Qf4 25. g3 Qxc1+ 26. Kg2 Qxb1 27. g4 Qe4+ 28. Kf1 Qxc4+ 29. Kg1 Qxg4+ 30. Kf1 Rac8 31. f3 Qxf3+ 32. Kg1 Be1 33. Kh2 Bf2 34. a5 Qg3+ 35. Kh1 Qg1# 0-1

[Event "CYCC U10 w"]
[Site "Victoria CAN"]
[Date "2005.03.25"]
[Round "3.2"]
[White "Greber, Caitlin"]
[Black "Packo, Bianca"]
[Result "0-1"]
[WhiteElo "1073"]
[BlackElo "1016"]
[PlyCount "54"]
[GameId "2160767910969047"]
[EventDate "2005.03.24"]
[EventType "swiss"]
[EventRounds "7"]
[EventCountry "CAN"]

1. e4 e5 2. b3 h5 3. Bc4 Nh6 4. Qf3 a5 5. d3 Bb4+ 6. Nd2 d6 7. Bb2 Bc5 8. h3 Bb4 9. Bc1 Bc3 10. Rb1 Nc6 11. g4 Nd4 12. Qe3 hxg4 13. hxg4 Bxg4 14. f3 Nxc2+ 15. Ke2 Nxe3 16. Kxe3 Bd4+ 17. Ke2 a4 18. b4 Rf8 19. fxg4 Nxg4 20. Bb5+ c6 21. Bc4 f5 22. exf5 Rxf5 23. Ndf3 Nf2 24. Rh8+ Rf8 25. Bg5 Qb6 26. Be6 Qb5 27. Rh7 Qxd3+ 0-1

[Event "CYCC U10 w"]
[Site "Victoria CAN"]
[Date "2005.03.25"]
[Round "3.3"]
[White "Ruiter, Erika"]
[Black "Hapchina, Malina"]
[Result "1-0"]
[WhiteElo "956"]
[BlackElo "954"]
[PlyCount "61"]
[GameId "2160767910969048"]
[EventDate "2005.03.24"]
[EventType "swiss"]
[EventRounds "7"]
[EventCountry "CAN"]

1. e4 c5 2. b3 d6 3. Bb2 Nf6 4. Bb5+ Nc6 5. d3 g6 6. f4 Bg7 7. Nf3 O-O 8. O-O a6 9. Bxc6 bxc6 10. Nbd2 Ng4 11. Bxg7 Kxg7 12. Qe2 Kg8 13. h3 Nf6 14. Qf2 d5 15. e5 Nd7 16. Qh4 h5 17. g4 f6 18. gxh5 gxh5 19. Qxh5 Qb6 20. Rf2 c4 21. Kf1 Rf7 22. Rg2+ Rg7 23. Rxg7+ Kxg7 24. Ke2 a5 25. Rg1+ Kf8 26. Qh8+ Kf7 27. Rg7+ Ke6 28. Ng5+ fxg5 29. Qh6+ Kf5 30. Rxg5+ Kxf4 31. Qh4# 1-0

[Event "CYCC U10 w"]
[Site "Victoria CAN"]
[Date "2005.03.25"]
[Round "3.4"]
[White "Botez, Alexandra"]
[Black "Kalaydina, Regina Veronicka"]
[Result "1/2-1/2"]
[WhiteElo "1317"]
[BlackElo "1056"]
[PlyCount "187"]
[GameId "2160767910969049"]
[EventDate "2005.03.24"]
[EventType "swiss"]
[EventRounds "7"]
[EventCountry "CAN"]

1. Nf3 d5 2. c4 Nf6 3. cxd5 Nxd5 4. e4 Nf6 5. Nc3 Bg4 6. Be2 c5 7. d3 Nc6 8. Be3 e5 9. Bg5 Be7 10. Bxf6 Bxf6 11. Nd5 h5 12. Nd2 g6 13. Bxg4 hxg4 14. Qxg4 Nb4 15. Nxb4 cxb4 16. Qe2 Rc8 17. O-O Qd7 18. Qf3 Bg5 19. Nc4 f6 20. b3 Bf4 21. g3 Bg5 22. Rfd1 Qh3 23. Qg2 Qg4 24. Nd6+ Kd8 25. Nxc8 Kxc8 26. f3 Qd7 27. Qc2+ Kb8 28. Re1 f5 29. exf5 Qxf5 30. Qe2 Qh3 31. Qxe5+ Ka8 32. Qe8+ Bd8 33. Qe2 Bc7 34. Qg2 Qf5 35. Re4 Qd5 36. Qe2 a6 37. Re8+ Rxe8 38. Qxe8+ Ka7 39. Qe2 Qd4+ 40. Qf2 Bb6 41. Rf1 Qxd3 42. Kg2 Bxf2 43. Rxf2 a5 44. h3 a4 45. bxa4 b3 46. axb3 Qxb3 47. h4 Qxa4 48. g4 b5 49. h5 gxh5 50. gxh5 b4 51. h6 Qc6 52. Kf1 Qc4+ 53. Kg2 Qf7 54. f4 Qd5+ 55. Kg3 Qd4 56. f5 b3 57. f6 b2 58. h7 Qe5+ 59. Kg2 Qg5+ 60. Kh2 Qh5+ 61. Kg2 b1=Q 62. f7 Qbg6+ 63. Kf1 Qhxh7 64. f8=Q Qb1+ 65. Kg2 Qhe4+ 66. Qf3 Qg6+ 67. Qg3 Qxg3+ 68. Kxg3 Qe1 69. Kg2 Kb6 70. Rf1 Qe2+ 71. Rf2 Qe4+ 72. Kg3 Kc5 73. Rf3 Kd5 74. Rf4 Qe1+ 75. Kg4 Ke5 76. Rf5+ Ke4 77. Rf4+ Kd3 78. Rf3+ Kd2 79. Rf4 Qe5 80. Rf5 Qe6 81. Kg5 Qe3+ 82. Kg6 Kd3 83. Rg5 Qe7 84. Kh5 Ke3 85. Rg3+ Kf4 86. Rg4+ Ke5 87. Rg5+ Kf4 88. Rg4+ Ke5 89. Rg5+ Kd6 90. Rg6+ Kd7 91. Kh6 Qf8+ 92. Kh5 Ke8 93. Rg5 Qf7+ 94. Kg4 1/2-1/2

[Event "CYCC U10 w"]
[Site "Victoria CAN"]
[Date "2005.03.25"]
[Round "4"]
[White "Roy, Myriam"]
[Black "Botez, Alexandra"]
[Result "1-0"]
[WhiteElo "985"]
[BlackElo "1317"]
[PlyCount "53"]
[GameId "2160767910969051"]
[EventDate "2005.03.24"]
[EventType "swiss"]
[EventRounds "7"]
[EventCountry "CAN"]

1. d4 d5 2. e4 e6 3. exd5 exd5 4. c4 Nf6 5. Nf3 c5 6. Be3 Nc6 7. dxc5 Be6 8. Nbd2 Ng4 9. cxd5 Bxd5 10. Qc2 Nxe3 11. fxe3 Qe7 12. e4 f5 13. Bd3 Nb4 14. Qa4+ Nc6 15. Rc1 O-O-O 16. O-O fxe4 17. Bxe4 Qd7 18. Ng5 Bxe4 19. Ndxe4 Ne5 20. Qxa7 Be7 21. Nd6+ Bxd6 22. cxd6+ Qc6 23. Rxc6+ Nxc6 24. Qa8+ Kd7 25. Qxb7+ Kxd6 26. Rd1+ Kc5 27. Ne6+ 1-0

[Event "CYCC U10 w"]
[Site "Victoria CAN"]
[Date "2005.04.25"]
[Round "4.2"]
[White "Kalaydina, Regina Veronicka"]
[Black "Ruiter, Erika"]
[Result "0-1"]
[WhiteElo "1056"]
[BlackElo "956"]
[PlyCount "122"]
[GameId "2160767910969052"]
[EventDate "2005.03.24"]
[EventType "swiss"]
[EventRounds "7"]
[EventCountry "CAN"]

1. d4 Nf6 2. Nf3 c5 3. c3 e6 4. Bg5 Nc6 5. e3 d5 6. Bd3 Bd6 7. Nbd2 O-O 8. O-O h6 9. Bh4 Be7 10. Bxf6 Bxf6 11. Ne1 Qd6 12. f4 b6 13. Nef3 Bb7 14. c4 cxd4 15. exd4 Nxd4 16. Nxd4 Bxd4+ 17. Kh1 dxc4 18. Nxc4 Qc6 19. Qf3 Qxf3 20. gxf3 Rfd8 21. Rac1 Bc5 22. Rcd1 Rd7 23. Bc2 Rad8 24. Ne5 Rxd1 25. Rxd1 Rxd1+ 26. Bxd1 f6 27. Nd7 Bd4 28. b3 Be3 29. Kg2 Bxf4 30. Be2 Bc6 31. Nb8 Bxb8 32. a4 g5 33. Kh3 Bd7 34. Bd1 e5+ 35. Kg2 Bc6 36. Be2 e4 37. Bc4+ Kg7 38. fxe4 Bxe4+ 39. Kg1 f5 40. Be6 f4 41. Bh3 a5 42. Kf2 Kf6 43. Ke2 f3+ 44. Kf2 Bxh2 45. Ke3 Ke5 46. Kf2 Bf5 47. Bf1 Be4 48. Bh3 Kd4 49. Bf1 Ba8 50. Bb5 Kc3 51. Bc4 Kd2 52. Bf1 Bf4 53. Ba6 h5 54. Bf1 h4 55. Bh3 Be3+ 56. Kf1 f2 57. Bg4 Bb7 58. Bf3 Bxf3 59. b4 Be2+ 60. Kg2 f1=Q+ 61. Kh2 Bf4# 0-1

[Event "CYCC U10 w"]
[Site "Victoria CAN"]
[Date "2005.03.25"]
[Round "4.4"]
[White "Packo, Bianca"]
[Black "Johnson, Andrea"]
[Result "1-0"]
[WhiteElo "1016"]
[BlackElo "939"]
[PlyCount "87"]
[GameId "2160767910969053"]
[EventDate "2005.03.24"]
[EventType "swiss"]
[EventRounds "7"]
[EventCountry "CAN"]

1. e3 e5 2. a4 Nf6 3. h4 Bb4 4. c3 Bc5 5. d4 Bd6 6. dxe5 Bxe5 7. b3 O-O 8. Rh3 a5 9. f4 Bd6 10. Rg3 Ne4 11. Rg4 Nc6 12. Bd3 Nc5 13. Bc4 b5 14. Bxb5 Na7 15. Rg3 Ne6 16. Ra2 Bb7 17. e4 Bxe4 18. Nd2 Bf5 19. Nc4 Bxf4 20. Bxf4 Nxf4 21. Ne3 Be4 22. Qg4 Ne6 23. Qd1 Rb8 24. Rd2 Nxb5 25. axb5 Rxb5 26. Ng4 Qxh4 27. Ne2 Bd5 28. Kf2 Bxb3 29. Qe1 a4 30. Rb2 a3 31. Rb1 a2 32. Ra1 c5 33. Qh1 Qg5 34. Qh2 c4 35. Qh1 Nf4 36. Nc1 d5 37. Nxa2 Bxa2 38. Rxa2 Rc5 39. Qh2 Rb5 40. Ne3 Qf6 41. Ra1 Rb2+ 42. Kf3 Qxc3 43. Rh1 Rb3 44. Qxh7# 1-0